000 00627cam a2200193 4500500
005 20260405004114.0
041 _afre
042 _adc
100 1 0 _aDegiovanni, Clara
_eauthor
245 0 0 _aLa course aux vacances réussies, un mal de notre temps
260 _c2023.
500 _a66
690 _aJean Baudrillard
690 _aparesse
690 _aRepos
690 _aVacances
786 0 _nPhilosophie magazine - Hors séries | Hors série - Été 2023 | HS58 | 2023-07-01 | p. 38-38 | 2104-9246
856 4 1 _uhttps://shs.cairn.info/magazine-philosophie-magazine-hs58-page-38?lang=fr&redirect-ssocas=7080
999 _c2073742
_d2073741